Science Quiz

Random Science Quiz

Surgical Nursing Induction Chart Quiz Stats

 Plays Quiz not verified by Sporcle

Challenge
Share
Tweet
Embed
Score 0/33 Timer 20:00
0 Plays Today
question answer % Correct
Miscellaneous (white)Propofol
54.5%
opioid epiduralsmorphine
54.5%
Barbituratesthiopental
45.5%
bacteria
45.5%
6
45.5%
Topical anesthetic epiduralsLidocaine
45.5%
methohexital
36.4%
consciousness to unconsciousness
36.4%
hypotension
36.4%
Cyclohexaminesketamine
36.4%
tiletamine
36.4%
consciousness to unconsciousness
36.4%
increased heart rate
36.4%
increased blood pressure
36.4%
emergence delirium
36.4%
seizure threshold
36.4%
salivation
36.4%
question answer % Correct
muscle tone
36.4%
consciousness to unconsciousness
36.4%
cardiac depression
36.4%
Miscellaneous (not white)guaifenesin
36.4%
muscle relaxant
36.4%
alone
36.4%
Mepivacaine
36.4%
Bupivacaine
36.4%
analgesia
36.4%
hypotension
36.4%
respiratory arrest
36.4%
analgesia
36.4%
long
36.4%
guaifenesin
36.4%
apnea
36.4%
Tissue Slough if Perivascularbarbiturate
18.2%

You're not logged in!

Compare scores with friends on all Sporcle quizzes.
OR
Log In

You Might Also Like...

Show Comments

Extras

Created Nov 14, 2011ReportNominate
Tags:chart, induction

Top Quizzes Today


Score Distribution

Your Account Isn't Verified!

In order to create a playlist on Sporcle, you need to verify the email address you used during registration. Go to your Sporcle Settings to finish the process.

Report this User

Report this user for behavior that violates our Community Guidelines.

Details: